| LEADER |
01054nam0a2200157 450 |
| 001 |
16868276 |
| 010 |
|
|
|a 978-2-7556-2269-0
|b Br.
|
| 100 |
|
|
|a 20260513d2026 u u0frey01 ba
|
| 101 |
1 |
|
|a fre
|c eng
|
| 200 |
0 |
|
|a After
|f Anna Todd
|
| 207 |
|
1 |
|a
|
| 330 |
|
|
|a La vie na jamais été simple pour Tessa et Hardin, chaque nouveau défi a renforcé leur amour. Mais la révélation du passé familial dHardin semble annihiler tous les efforts de Tessa pour laider à se reconstruire. Et quand deux tragédies touchent Tessa dans son coeur et dans son corps, Hardin semble incapable de la soutenir à son tour. Pourtant il est évident que les deux amants passionnés ne sont plus si différents lun de lautre. Tessa nest plus la gentille jeune fille naïve, pas plus quHardin nest aussi cruel et égoïste quà leur rencontre. Mais cela va-t-il suffire à sauver leur amour ?
|
| 700 |
|
0 |
|a Todd
|b Anna
|f 1989-....
|4 70
|
| 900 |
|
|
|a Roman
|
| 901 |
|
|
|a Adultes
|
| 995 |
|
|
|a Médiathèque
|c Médiathèque
|f 089021864
|h 089021864
|k R TOD 5
|o p
|q a
|r az
|e Médiathèque
|